Slovakia External Relations Briefing: Brexit Negotiations
Rokovania o Brexite. Udržanie silného partnerstva v oblasti bezpečnostnej a diplomatickej spolupráce medzi Európskou úniou a UK. Brexit a priame alebo nepriame ovplyvnenie života Slovákov.Postavenie slovenských robotníkov vo Veľkej Británii.
Salvato in:
| Autore principale: | |
|---|---|
| Natura: | Capitolo di libro |
| Lingua: | inglese |
| Soggetti: | |
| Tags: |
Nessun Tag, puoi essere il primo ad aggiungerne!!
|
MARC
| LEADER | 00000naa a2200000 4500 | ||
|---|---|---|---|
| 001 | 0271592 | ||
| 005 | 20240502083825.3 | ||
| 041 | 0 | |a eng | |
| 044 | |a HU | ||
| 245 | 1 | 0 | |a Slovakia External Relations Briefing: Brexit Negotiations |c Juraj Ondriaš |
| 520 | |a Rokovania o Brexite. Udržanie silného partnerstva v oblasti bezpečnostnej a diplomatickej spolupráce medzi Európskou úniou a UK. Brexit a priame alebo nepriame ovplyvnenie života Slovákov.Postavenie slovenských robotníkov vo Veľkej Británii. | ||
| 610 | 2 | 0 | |a práca |
| 610 | 2 | 0 | |a vzťahy medzinárodné |
| 610 | 2 | 0 | |a Veľká Británia |
| 610 | 2 | 0 | |a Slovensko |
| 610 | 2 | 0 | |a Európska únia |
| 100 | 1 | |a Ondriaš, Juraj, 1988- | |